Fotografischer Reisefuehrer: Cusco und Machupicchu
Saved in:
| Hovedforfatter: | |
|---|---|
| Format: | Bog |
| Sprog: | tysk |
| Udgivet: |
Cusco
J. Corbacho
1974
|
| Udgivelse: | 2a. ed |
| Fag: | |
| Tags: |
Tilføj Tag
Ingen Tags, Vær først til at tagge denne postø!
|
MARC
| LEADER | 00000nam a2200000 a 4500 | ||
|---|---|---|---|
| 001 | UCL0591 | ||
| 003 | CL-VaPUC | ||
| 008 | 030728e19740000PE |||||||||||||||||ger|d | ||
| 082 | 0 | 4 | |a 930.1 |b COR |2 21 |
| 100 | 0 | |a Corbacho, J |e author |9 477250 | |
| 245 | 1 | 0 | |a Fotografischer Reisefuehrer: Cusco und Machupicchu |
| 250 | |a 2a. ed | ||
| 300 | |a pág. irreg | ||
| 942 | |c BK | ||
| 945 | |d 20030728 00:00:00 |a cmena | ||
| 260 | |a Cusco |b J. Corbacho |c 1974 | ||
| 650 | 0 | |a Arqueología |9 265619 | |
| 650 | 0 | |a Monumentos históricos |9 308710 | |
| 651 | 7 | |a CUZCO |2 CL-VaPUC |9 265268 | |
| 651 | 0 | |a Perú |9 256567 | |
| 651 | 7 | |a MACHUPICHU |2 CL-VaPUC |9 477251 | |
| 583 | |a last modification |c 20030728 00:00:00 |k Rodrigo Vera | ||
| 999 | |c 304408 |d 304406 | ||
| 952 | |0 0 |1 0 |4 0 |6 930_100000000000000_COR_1974 |7 0 |8 A |9 366638 |a BIBHIS |b BIBHIS |d 2019-11-21 |i 3908240 |o 930.1 COR 1974 |p 3908240 |r 2025-01-20 |w 2019-11-21 |y BK |k HIS | ||